[Event "CAN-ch U14"]
[Site "Quebec"]
[Date "2018.07.04"]
[Round "5.46"]
[White "Asemota, Eghosa"]
[Black "Petrovic, Milos1111"]
[Result "0-1"]
[WhiteElo "823"]
[BlackElo "1291"]
[PlyCount "96"]
[EventDate "2018.07.02"]
[EventType "swiss"]
[EventRounds "7"]
[EventCountry "CAN"]
[SourceTitle "EXT 2022"]
[Source "ChessBase"]
[SourceDate "2021.10.06"]
[SourceVersion "1"]
[SourceVersionDate "2021.10.06"]
[SourceQuality "1"]

1. e4 e6 2. d4 d5 3. exd5 exd5 4. c4 Nf6 5. Bf4 Nc6 6. Nc3 dxc4 7. Bxc4 Qxd4 8. Qxd4 Nxd4 9. 0-0-0 Bc5 10. Bxc7 Be6 11. Bxe6 Nxe6 12. Bg3 0-0 13. h3 Rac8 14. a3 Bxa3 15. bxa3 Rxc3+ 16. Kb2 Rfc8 17. Nf3 Rc2+ 18. Kb1 Ne4 19. Rc1 Rxc1+ 20. Rxc1 Rxc1+ 21. Kxc1 N6c5 22. Kc2 Nxg3 23. fxg3 f6 24. g4 Kf7 25. Kc3 Ne4+ 26. Kc4 Ke6 27. a4 Kd6 28. Nd4 Kd7 29. a5 g6 30. Kd5 Nc3+ 31. Kc5 Nd1 32. Kb5 Ne3 33. g3 Nd1 34. a6 bxa6+ 35. Kxa6 Nf2 36. Kxa7 Nxh3 37. Kb6 Kd6 38. Nf3 Nf2 39. Nh2 Ne4 40. Nf1 Ke5 41. Kc6 Nf2 42. Nh2 Nh1 43. Nf1 Nxg3 44. Nxg3 Kf4 45. Ne2+ Kxg4 46. Kd6 f5 47. Ke6 f4 48. Kf6 f3 0-1

[Event "CAN-ch U12"]
[Site "Windsor"]
[Date "2016.07.05"]
[Round "1.68"]
[White "Richard, Leo"]
[Black "Asemota, Eghosa"]
[Result "1-0"]
[WhiteElo "1471"]
[BlackElo "782"]
[PlyCount "57"]
[EventDate "2016.07.05"]
[EventType "swiss"]
[EventRounds "7"]
[EventCountry "CAN"]
[SourceTitle "EXT 2022"]
[Source "ChessBase"]
[SourceDate "2021.10.06"]
[SourceVersion "1"]
[SourceVersionDate "2021.10.06"]
[SourceQuality "1"]

1. e4 e5 2. Nf3 Nc6 3. Bb5 d6 4. d4 a6 5. Bxc6+ bxc6 6. dxe5 dxe5 7. Qxd8+ Kxd8 8. Nxe5 Ke8 9. Nxc6 Bb7 10. Nd4 Bxe4 11. 0-0 Bxc2 12. Nxc2 Nf6 13. Nc3 Bc5 14. Re1+ Kf8 15. Ne4 Nxe4 16. Rxe4 g6 17. Be3 Bxe3 18. Nxe3 Kg7 19. Rc1 f5 20. Re7+ Kf6 21. Rexc7 f4 22. Nd5+ Kg5 23. h4+ Kxh4 24. Nxf4 Kg4 25. R1c4 Kg5 26. g3 a5 27. R7c5+ Kg4 28. Kg2 g5 29. f3# 1-0

[Event "CAN-ch U12"]
[Site "Windsor"]
[Date "2015.07.08"]
[Round "5.67"]
[White "Asemota, Eghosa"]
[Black "Makarczyk, David"]
[Result "0-1"]
[WhiteElo "732"]
[BlackElo "1138"]
[PlyCount "58"]
[EventDate "2015.07.06"]
[EventType "swiss"]
[EventRounds "7"]
[EventCountry "CAN"]
[SourceTitle "EXT 2022"]
[Source "ChessBase"]
[SourceDate "2021.10.06"]
[SourceVersion "1"]
[SourceVersionDate "2021.10.06"]
[SourceQuality "1"]

1. d3 d5 2. e3 e5 3. Nf3 Nc6 4. Be2 Nf6 5. 0-0 Be7 6. a3 0-0 7. h3 Bf5 8. Nc3 d4 9. e4 Be6 10. Na2 a5 11. Bg5 h6 12. Bxf6 Bxf6 13. c3 Bxa2 14. Rxa2 dxc3 15. bxc3 b6 16. Ne1 Qd6 17. Qd2 Bg5 18. Qb2 Rad8 19. d4 exd4 20. Bd1 dxc3 21. Qb3 Qxd1 22. Qxd1 Rxd1 23. Nf3 Rxf1+ 24. Kxf1 Rd8 25. Nxg5 hxg5 26. a4 Nb4 27. Ra1 c2 28. Rc1 Rd1+ 29. Rxd1 cxd1Q# 0-1